000 00476nam a2200181Ia 4500
001 2082
005 20260306143816.0
008 260306t2015||||xx |||||||||||||| ||spa||
041 _aESP
082 _a612.78
_bC95
100 _aCuetos Vega, Fernando
_eAUT
245 0 _aNeurociencia del lenguaje:
_bbases neurológicas e implicaciones clínicas
260 _c2015
300 _aviii, 176 páginas :
_c24 cm.
650 _aGEN
654 _aCPS
942 _cLIB
_dJUS
_fJUS
_2ddc
_n
999 _c2082
_d2082